[Event "DDGA Tournament corr"]
[Site "corr"]
[Date "1996.??.??"]
[Round "?"]
[White "Wichert, Lutz"]
[Black "Patterson, Stephen J"]
[Result "1-0"]
[WhiteElo "1700"]
[BlackElo "1700"]
[PlyCount "63"]
[EventDate "1996.??.??"]
[EventType "swiss (corr)"]
[EventRounds "9"]
[SourceTitle "Corr 2002"]
[Source "ChessBase"]
[SourceDate "2002.05.23"]
[SourceVersion "1"]
[SourceVersionDate "2002.05.23"]
[SourceQuality "1"]

1. e4 e6 2. d4 d5 3. c4 dxe4 4. Nd2 f5 5. Ne2 b6 6. g4 Nc6 7. Bg2 Bd6 8. 0-0 fxg4 9. Nxe4 Bb7 10. N2c3 h5 11. Qa4 Qd7 12. d5 exd5 13. Nxd6+ cxd6 14. cxd5 Nce7 15. Qxd7+ Kxd7 16. Bg5 Nf6 17. Rfe1 Rab8 18. Rad1 a6 19. f3 Nexd5 20. Nxd5 Nxd5 21. fxg4 Nf6 22. Bf4 Bxg2 23. Rxd6+ Kc8 24. Kxg2 hxg4 25. Rc6+ Kd7 26. Rc7+ Kd8 27. Rxg7 Rc8 28. Bg5 Rf8 29. Bxf6+ Rxf6 30. Rg8+ Kd7 31. Rd1+ Rd6 32. Rxd6+ 1-0